El siglo XX : III. Problemas mundiales entre los dos bloques de poder /

Condiciones históricas previas de los conflictos contemporáneos. El mundo árabe-islámico en marcha. Israel: el problema del Estado nacional y el conflicto del Oriente Próximo. Indochina en pleno cambio de las constelaciones de poder. La República Popular China como nuevo factor de poder en la políti...

Full description

Bibliographic Details
Other Authors: Benz, Wolfgang (comp.), Graml, Hermann (comp.)
Format: Libro
Language:Spanish
Published: Mexico Siglo Veintiuno 2007
Edition:18a. ed.
Series:Historia universal siglo XXI 36
Subjects:
Online Access:

MARC

LEADER 00000cam a2200000 a 4500
001 022061
003 UAHC_CL
005 20170803122052.0
008 080924s2007 mx 000 spa
020 |a 9789682309373 
040 |a UAHC_CL  |c UAHC_CL  |d UAHC_CL 
082 0 4 |a 909.82  |b S577  |2 20 
245 1 3 |a El siglo XX :  |b III. Problemas mundiales entre los dos bloques de poder /  |c compilado por Wolfgang Benz y Hermann Graml. 
250 |a 18a. ed. 
260 |b Siglo Veintiuno  |a Mexico  |c 2007 
300 |a xiii, 476 p. 
490 0 |a Historia universal siglo XXI  |v 36 
520 |a Condiciones históricas previas de los conflictos contemporáneos. El mundo árabe-islámico en marcha. Israel: el problema del Estado nacional y el conflicto del Oriente Próximo. Indochina en pleno cambio de las constelaciones de poder. La República Popular China como nuevo factor de poder en la política mundial. África: movimientos de liberación e intentos de imposición del dominio blanco. Problemas de los países en vías de desarrollo, ayuda al desarrollo y conflicto Norte-Sur. 
521 |a Historia social y política del siglo XX 
521 |a Europa y el mundo en el siglo XX 
650 4 |a SIGLO 20 
650 4 |a HISTORIA MODERNA  |y SIGLO 20 
653 |a OB. DERECHO 
653 |a OB. PEDAGOGIA EN HISTORIA Y CIENCIAS SOCIALES 
658 |a Capaldo, Adriana 
658 |a Ayala, Estela 
700 1 |a Benz, Wolfgang  |e comp. 
700 1 |a Graml, Hermann  |e comp. 
900 |a 909.82 SIGL 
942 |c BK 
952 |0 0  |1 0  |4 0  |6 909_820000000000000_SIGL  |7 0  |8 General  |9 43787  |a BR  |b BR  |c General  |d 2017-08-03  |l 0  |o 909.82 SIGL  |p 1365516  |r 2026-01-14 00:00:00  |t 1  |w 2017-08-03  |y BK 
952 |0 0  |1 0  |4 0  |6 909_820000000000000_SIGL  |7 0  |8 General  |9 43788  |a BC  |b BC  |c General  |d 2017-08-03  |o 909.82 SIGL  |p 1365517  |r 2026-01-13 00:00:00  |t 2  |w 2017-08-03  |y BK 
952 |0 0  |1 0  |4 0  |6 909_820000000000000_SIGL  |7 0  |8 General  |9 43789  |a BC  |b BC  |c General  |d 2017-08-03  |l 1  |o 909.82 SIGL  |p 1365518  |r 2026-01-13 00:00:00  |s 2019-07-17  |t 3  |w 2017-08-03  |y BK 
952 |0 0  |1 0  |4 0  |6 909_820000000000000_SIGL  |7 0  |8 General  |9 43790  |a BC  |b BC  |c General  |d 2017-08-03  |l 0  |o 909.82 SIGL  |p 1390980  |r 2026-01-13 00:00:00  |t 4  |w 2017-08-03  |y BK 
952 |0 0  |1 0  |4 0  |6 909_820000000000000_SIGL  |7 0  |8 General  |9 43791  |a BC  |b BC  |c General  |d 2017-08-03  |l 0  |o 909.82 SIGL  |p 1390981  |r 2026-01-13 00:00:00  |t 5  |w 2017-08-03  |y BK 
952 |0 0  |1 0  |4 0  |6 909_820000000000000_SIGL  |7 0  |8 General  |9 43792  |a BC  |b BC  |c General  |d 2017-08-03  |l 0  |o 909.82 SIGL  |p 1390982  |r 2026-01-13 00:00:00  |t 6  |w 2017-08-03  |y BK 
952 |0 0  |1 0  |4 0  |6 909_820000000000000_SIGL  |7 0  |8 General  |9 43793  |a BC  |b BC  |c General  |d 2017-08-03  |l 0  |o 909.82 SIGL  |p 1402182  |r 2026-01-13 00:00:00  |t 7  |w 2017-08-03  |y BK 
999 |c 22061  |d 22061